Tensor calculus / (Record no. 22450)

MARC details
000 -LEADER
fixed length control field 01009cam a22003255a 4500
001 - CONTROL NUMBER
control field 015720066
003 - CONTROL NUMBER IDENTIFIER
control field OSt
005 - DATE AND TIME OF LATEST TRANSACTION
control field 20240818093012.0
008 - FIXED-LENGTH DATA ELEMENTS--GENERAL INFORMATION
fixed length control field 101214t2011 nyua fr 001 0 eng d
015 ## -
-- GBB100471
-- bnb
020 ## - INTERNATIONAL STANDARD BOOK NUMBER
International Standard Book Number 9780071756037 (pbk.)
020 ## - INTERNATIONAL STANDARD BOOK NUMBER
International Standard Book Number 0071756035 (pbk.)
040 ## - CATALOGING SOURCE
Original cataloging agency StDuBDS
Language of cataloging eng
Transcribing agency StDuBDS
Modifying agency Uk
-- EG-ScBUE
082 04 - DEWEY DECIMAL CLASSIFICATION NUMBER
Classification number 515.63076
Item number KAY
Edition number 22
100 1# - MAIN ENTRY--PERSONAL NAME
Personal name Kay, David C.,‏
Dates associated with a name 1933-‏
9 (RLIN) 41315
245 10 - TITLE STATEMENT
Title Tensor calculus /
Statement of responsibility, etc David C. Kay.
246 33 - VARYING FORM OF TITLE
Title proper/short title Schaum’s outline of Tensor calculus
260 ## -
-- New York :
-- McGraw-Hill,
-- c.2011.
300 ## - PHYSICAL DESCRIPTION
Extent 228 p. :
Other physical details ill. ;
Dimensions 28 cm.
336 ## - CONTENT TYPE
Source rdacontent
Content type term text
Content type code txt
337 ## - MEDIA TYPE
Media type term unmediated
Source rdamedia
Media type code n
338 ## - CARRIER TYPE
Carrier type term volume
Carrier type code nc
Source rdacarrier
490 0# - SERIES STATEMENT
Series statement Schaum’s outline series
500 ## - GENERAL NOTE
General note Includes index.
650 #7 - SUBJECT ADDED ENTRY--TOPICAL TERM
Topical term or geographic name as entry element Calculus of tensors
Form subdivision Problems, exercises, etc.
Source of heading or term BUEsh
9 (RLIN) 41261
651 ## - SUBJECT ADDED ENTRY--GEOGRAPHIC NAME
Source of heading or term BUEsh
653 ## - INDEX TERM--UNCONTROLLED
Resource For college Engineering, Electrical
Arrived date list October2016
655 ## - INDEX TERM--GENRE/FORM
Form subdivision Reading book
9 (RLIN) 34232
942 ## - ADDED ENTRY ELEMENTS (KOHA)
Source of classification or shelving scheme Dewey Decimal Classification
Classification part RDA-MOD
Holdings
Withdrawn status Lost status Source of classification or shelving scheme Damaged status Not for loan Collection code Home library Current library Shelving location Date acquired Source of acquisition Cost, normal purchase price Total Checkouts Total Renewals Full call number Barcode Date last seen Date checked out Koha item type
    Dewey Decimal Classification     Baccah Central Library Central Library First floor 04/10/2016 Purchase 100.00 2 4 515.63076 KAY 000033796 15/07/2025 22/05/2025 Book - Borrowing